Statistics for Chemical Compound Formulas

Click here to take the quiz!

General Stats

  • This quiz has been taken 149 times
  • The average score is 8 of 17

Answer Stats

CompoundFormula% Correct
WaterH2O
100%
Sodium ChlorideNaCl
73%
Potassium IodideKI
64%
Sodium HydroxideNaOH
57%
Copper (II) SulphateCuSO4
55%
Iron (III) ChlorideFeCl3
55%
Copper (II) OxideCuO
54%
Copper (I) SulphateCu2SO4
49%
Silver NitrateAgNO3
48%
Ammonium ChlorideNH4Cl
44%
Calcium NitrateCa(NO3)2
43%
Potassium PermanganateKMnO4
33%
EthanolCH3CH2OH
31%
BenzeneC6H6
27%
Magnesium PhosphateMg3(PO4)2
27%
MethanalHCHO
19%
Ammonium MetavanadateNH4VO3
11%

Score Distribution

Percentile by Number Answered

Percent of People with Each Score

Your Score History

You have not taken this quiz